| 000 | 00524nam a22001697a 4500 | ||
|---|---|---|---|
| 008 | 130102s2004 su ||||| |||| 001 0 eng d | ||
| 020 | _a996037694x : | ||
| 082 |
_a660 _bSOL _222 |
||
| 100 | 1 |
_aSoliman, Moustafa Aly. _931760 |
|
| 245 |
_aThe method of orthogonal collocation / _cMoustafa Aly Soliman. |
||
| 260 |
_aRiyadh : _bKing Saud University, _cc2004. |
||
| 300 |
_a261 p. : _bill. ; _c24 cm. |
||
| 500 | _aInclude index. | ||
| 650 |
_aChemical Engineering _931761 _2BUEsh |
||
| 651 | _2BUEsh | ||
| 942 |
_2ddc _cBB _k660 SOL |
||
| 999 |
_c17151 _d17123 |
||